| 000 | 00483nam a2200169 a 4500 | ||
|---|---|---|---|
| 003 | AR-BaBNM | ||
| 005 | 20251128202730.0 | ||
| 008 | 082120s2002 ||||||||||||||000 | spa|| | ||
| 040 | _cAR-BaBNM | ||
| 100 | 1 | _aAlcázar Molina, Cayetano | |
| 245 | 0 | 0 |
_aHistoria de América y de los pueblos americanos _blos virreinatos en el siglo XVIII. 13 |
| 260 |
_a[S.l.] _bSalvat _c1945 |
||
| 300 | _a496 p. | ||
| 700 | 1 |
_aBallesteros y Beretta, Antonio _edirector |
|
| 942 | _cBK | ||
| 998 | _cMARCE | ||
| 999 |
_c301 _d301 |
||